[Event "Michael Tal 30"]
[Site "www.echecsemail.com"]
[Date "2026.02.07"]
[Round "1"]
[White "Tahar"]
[Black "Orosco"]
[WhiteElo "1980"]
[BlackElo "2220"]
[Result "0-1"]
1.e4 e5
2.d3 Ng8f6
3.Nb1c3 d5
4.exd5 Nf6xd5
5.Bc1d2 Nb8c6
6.a3 Bf8e7
7.Ng1f3 O-O
8.Bf1e2 Bc8e6
9.O-O Nd5xc3
10.Bd2xc3 f6
11.b4 Qd8d7
12.Bc3d2 a5
13.b5 Nc6d8
14.c4 Nd8f7
15.a4 Be6f5
16.Bd2c1 Rf8d8
17.Bc1a3 Be7b4
18.Ba3xb4 axb4
19.Qd1b3 Qd7d6
20.Rf1d1 c5
21.Nf3h4 Bf5e6
22.g3 Qd6c7
23.Be2f3 Nf7g5
24.Bf3g2 Be6g4
25.f3 Bg4e6
26.Bg2f1 Rd8d4
27.Nh4g2 Ng5h3
28.Kh1 Nh3f2
29.Kg1 Nf2xd1
30.Qb3xd1 Be6xc4
31.Ng2e3 Bc4e6
32.Ne3c2 Rd4d8
33.Nc2e3 c4
34.Qd1c2 c3
35.Ra1d1 b3
36.Qc2c1 Ra8xa4
37.Ne3c4 Qc7c5
38.Kg2 Ra4a2
39.Nc4d2 Ra2c2
{ abandon }0-1

[Event "Tournoi n27439"]
[Site "www.echecsemail.com"]
[Date "2026.02.07"]
[Round "1"]
[White "Jlr"]
[Black "Tiounet"]
[WhiteElo "1440"]
[BlackElo "1630"]
[Result "0-1"]
1.e4 a6
2.Ng1f3 b5
3.d4 Bc8b7
4.d5 Ng8f6
5.Bf1d3 g6
6.Nb1c3 Bf8g7
7.b4 O-O
8.Nf3g5 Nf6xd5
9.Bc1b2 Nd5xb4
10.a3 Nb4xd3
11.Qd1xd3 c5
12.O-O-O d6
13.f4 Nb8c6
14.Qd3h3 h6
15.Nc3d5 Bg7xb2
16.Kxb2 hxg5
17.fxg5 Nc6e5
18.Rh1f1 Bb7c8
19.Qh3h6 Bc8e6
20.Nd5f4 Ne5g4
21.Nf4xe6 Ng4xh6
22.Ne6xd8 Ra8xd8
23.gxh6 Rd8c8
24.Rd1d5 Rc8c6
25.c3 c4
26.g3 e6
27.Rd5g5 Kh7
28.Rg5g4 Rc6c5
29.Rf1f6 Kxh6
30.Rg4xg6 fxg6
31.Rf6xf8 Rc5h5
32.h4 g5
33.Rf8f6 Kg7
34.Rf6xe6 gxh4
35.gxh4 Rh5xh4
36.Re6e7 Kf6
37.Re7d7 Ke6
38.Rd7a7 Rh4xe4
39.Ra7xa6 Kd5
40.Ra6a5 Kc5
41.a4 Re4e2
42.Ka3 Kb6
43.Ra5a8 bxa4
44.Kxa4 Re2a2
45.Kb4 Ra2xa8
46.Kxc4 Kc6
47.Kd3 Ra8a4
48.c4 Kc5
49.Kc3 Ra4xc4
50.Kd3 Rc4a4
51.Ke3 Kd5
52.Kd3 Ra4a3
53.Kc2 Kd4
54.Kb2 Ra3h3
55.Kc2 Rh3g3
56.Kd2 Rg3g2
57.Ke1 Kd3
58.Kf1 Rg2a2
59.Kg1 Ke3
60.Kf1 Ra2b2
61.Kg1 Kf3
62.Kh1 Kg3
63.Kg1 Rb2b1
0-1

[Event "Tournoi n27382"]
[Site "www.echecsemail.com"]
[Date "2026.02.07"]
[Round "1"]
[White "Nbelnico"]
[Black "Jyfsk"]
[WhiteElo "1700"]
[BlackElo "1790"]
[Result "0-1"]
1.e4 c5
2.Ng1f3 d6
3.h3 Ng8f6
4.d3 e6
5.Bf1e2 Bf8e7
6.O-O O-O
7.c4 Nb8c6
8.a3 a6
9.Nb1c3 Nc6a5
10.b4 cxb4
11.axb4 Na5c6
12.b5 Nc6b4
13.Bc1a3 a5
14.Ba3xb4 b6
15.d4 axb4
16.Ra1xa8 bxc3
17.Qd1c2 Qd8c7
18.Qc2a4 Nf6xe4
19.Ra8a7 Bc8b7
20.Be2d3 Qc7b8
21.Bd3xe4 Bb7xe4
22.Ra7a6 Be4xf3
23.gxf3 Be7f6
24.Qa4d1 d5
25.Qd1d3 dxc4
26.Qd3xc4 Rf8c8
27.Qc4d3 Qb8f4
28.Ra6xb6 c2
29.Rb6c6 Rc8xc6
30.bxc6 c1Q
31.Rf1xc1 Qf4xc1
32.Kg2 Qc1xc6
33.Qd3b3 h6
34.Qb3b8 Kh7
35.Qb8f4 Qc6d5
36.Qf4d2 Qd5g5
37.Qd2xg5 hxg5
38.Kg3 Bf6xd4
39.Kg2 f5
40.Kg3 e5
41.h4 Kg6
42.hxg5 Kxg5
{ abandon }0-1

[Event "Défi"]
[Site "www.echecsemail.com"]
[Date "2026.02.07"]
[Round "1"]
[White "Pj612"]
[Black "Wenoketo"]
[WhiteElo "1730"]
[BlackElo "1710"]
[Result "0-1"]
1.Ng1f3 d5
2.g4 Nb8c6
3.h3 e6
4.d4 Bf8d6
5.Bf1g2 Ng8e7
6.c3 Bc8d7
7.b4 a6
8.O-O O-O
9.a4 Ne7g6
10.a5 Nc6a7
11.Bc1d2 c6
12.Bd2e3 Bd6b8
13.Nb1a3 Qd8c7
14.Qd1d2 Ng6h4
15.Be3f4 Nh4xf3
16.Bg2xf3 Qc7xf4
17.Qd2xf4 Bb8xf4
18.e3 Bf4c7
19.Kg2 Na7c8
20.c4 dxc4
21.Na3xc4 Nc8d6
22.Nc4e5 Ra8d8
23.g5 Bd7c8
24.Bf3e2 Nd6f5
25.Be2g4 Bc7xe5
26.dxe5 Nf5h4
27.Kg3 Nh4g6
28.f4 Rd8d3
29.Rf1e1 Rf8d8
30.Bg4f3 Rd3b3
31.Ra1a4 Rd8d3
32.Bf3e4 Rd3xe3
33.Re1xe3 Rb3xe3
34.Be4f3 Ng6e7
35.Kf2 Re3b3
36.Kg2 Ne7d5
37.Bf3xd5 cxd5
38.Ra4a2 Rb3xb4
39.Kf2 Rb4xf4
40.Kg3 Rf4c4
{ abandon }0-1

[Event "Coupe Niveau 6"]
[Site "www.echecsemail.com"]
[Date "2026.02.07"]
[Round "1"]
[White "Mimimosa"]
[Black "Carrighir"]
[WhiteElo "2300"]
[BlackElo "2110"]
[Result "1-0"]
1.e4 c5
2.Ng1f3 d6
3.c3 Ng8f6
4.Bf1e2 Nb8c6
5.d4 cxd4
6.cxd4 e6
7.Nb1c3 Bf8e7
8.O-O a6
9.Qd1c2 b5
10.Nc3xb5 Bc8b7
11.Nb5c3 O-O
12.a3 Ra8c8
13.Qc2d3 Qd8c7
14.Bc1e3 Rf8d8
15.Ra1c1 Qc7b8
16.Rf1d1 Nf6g4
17.Be3d2 Qb8a8
18.h3 Ng4f6
19.Nc3a4 Qa8a7
20.Bd2e3 d5
21.e5 Nf6e4
22.b4 Be7f8
23.Na4c5 Ne4xc5
24.bxc5 Rc8b8
25.Nf3g5 g6
26.h4 Nc6e7
27.g4 Bb7c6
28.h5 Bc6b5
29.Qd3d2 Bb5xe2
30.Qd2xe2 Rb8b3
31.Qe2f3 Ne7c6
32.hxg6 fxg6
33.Ng5xe6 { abandon }1-0

[Event "Défi"]
[Site "www.echecsemail.com"]
[Date "2026.02.07"]
[Round "1"]
[White "Vvvv"]
[Black "Colyoun"]
[WhiteElo "1710"]
[BlackElo "1710"]
[Result "0-1"]
1.e4 c6
2.d4 d5
3.Nb1d2 dxe4
4.Nd2xe4 Bc8f5
5.Qd1d3 Bf5xe4
6.Qd3xe4 Ng8f6
7.Qe4f4 e6
8.Bc1d2 Bf8d6
9.Qf4g5 O-O
10.Bf1d3 h6
11.Qg5h4 Nf6d5
12.Qh4e4 Nd5f6
13.Qe4h4 Nf6d5
14.Bd2xh6 Qd8xh4
{ abandon }0-1

[Event "Amical( 10J+24H/c 10J Max )"]
[Site "www.echecsemail.com"]
[Date "2026.02.07"]
[Round "1"]
[White "Tichaton"]
[Black "Mainecoon"]
[WhiteElo "1340"]
[BlackElo "2059"]
[Result "0-1"]
1.d4 Ng8f6
2.c4 c5
3.Ng1f3 cxd4
4.Nf3xd4 e5
5.Nd4f3 Nb8c6
6.e3 Bf8e7
7.a3 d6
8.Qd1b3 b6
9.Bf1e2 O-O
10.O-O h6
11.Nb1c3 Bc8e6
12.Bc1d2 a6
13.e4 Nc6a5
14.Qb3c2 Be6xc4
15.Be2xc4 Na5xc4
16.Bd2c1 Nc4a5
17.b4 Na5b7
18.Bc1b2 Ra8c8
19.Qc2b3 Qd8d7
20.Nc3e2 Nf6xe4
21.Nf3e1 Ne4d2
22.Qb3h3 Qd7xh3
23.gxh3 Nd2xf1
24.Kxf1 Be7f6
25.Ne1f3 Rf8e8
26.Ne2g3 g6
27.a4 Kg7
28.b5 a5
29.Kg2 d5
30.Ra1d1 Rc8d8
31.Nf3e1 Nb7c5
32.Rd1a1 e4
33.Bb2xf6 Kxf6
34.Ne1c2 d4
35.h4 h5
36.Nc2a3 Re8e6
37.Na3c4 e3
38.fxe3 dxe3
39.Ng3e2 Nc5d3
40.Ra1f1 Kg7
41.Nc4a3 Re6f6
42.Na3c4 Rf6xf1
43.Kxf1 Nd3c5
44.Nc4xe3 Nc5xa4
45.Ne2f4 Rd8d4
46.Nf4g2 Na4c3
47.Kf2 Nc3xb5
48.Ng2e1 Rd4xh4
49.Ne1f3 Rh4f4
50.Ne3d5 Rf4f5
51.Nd5e7 Rf5c5
52.h3 a4
53.h4 a3
{ abandon }0-1

[Event "Défi( 10J+24H/c 10J Max )"]
[Site "www.echecsemail.com"]
[Date "2026.02.07"]
[Round "1"]
[White "Sylvia13"]
[Black "Cavalierfou"]
[WhiteElo "1590"]
[BlackElo "1770"]
[Result "1-0"]
1.d4 d5
2.c4 dxc4
3.e4 b5
4.a4 Bc8d7
5.axb5 Bd7xb5
6.Bf1xc4 c6
7.Bc4xb5 cxb5
8.Ng1f3 Ng8f6
9.e5 Nf6d5
10.Qd1d3 a6
11.Bc1d2 e6
12.O-O Bf8e7
13.Qd3b3 Qd8b6
14.h3 Nb8c6
15.Nb1c3 Nd5xc3
16.Bd2xc3 O-O
17.d5 Nc6a7
18.Bc3a5 Qb6b7
19.dxe6 f6
20.exf6 Rf8xf6
21.Ba5c3 Rf6g6
22.Bc3e5 Ra8f8
23.Be5g3 Na7c6
24.Qb3d5 Rf8f6
25.Nf3e5 Rf6f5
26.Ra1c1 Nc6a5
27.Qd5d3 Rg6f6
28.Qd3c3 Qb7b6
29.Qc3c8 Rf6f8
30.Qc8d7 Qb6d6
31.Qd7a7 Qd6xe6
32.Rc1e1 Be7d8
33.Ne5d7 Qe6f7
34.Re1d1 Na5c4
35.Qa7b8 Rf8e8
36.Qb8b7 a5
37.Qb7c6 Nc4xb2
38.Rd1b1 Re8e2
39.Qc6c8 Qf7e8
40.Nd7e5 a4
41.Qc8xf5 Bd8f6
42.Qf5g4 Bf6xe5
43.Qg4xe2 { abandon }1-0

[Event "Défi( 10J+24H/c 10J Max )"]
[Site "www.echecsemail.com"]
[Date "2026.02.07"]
[Round "1"]
[White "Vvvv"]
[Black "Eclectic"]
[WhiteElo "1720"]
[BlackElo "1750"]
[Result "0-1"]
1.e4 c5
2.Ng1f3 d6
3.d4 cxd4
4.Nf3xd4 g6
5.Nb1c3 Bf8g7
6.Bc1e3 a6
7.Nc3e2 e5
8.Nd4b3 Ng8e7
9.Qd1d2 h6
10.O-O-O O-O
11.Qd2xd6 Qd8xd6
12.Rd1xd6 Nb8c6
13.Be3c5 Bc8e6
14.Rd6xe6 fxe6
15.Ne2c3 Rf8f6
16.Bf1e2 Ra8d8
17.Bc5b6 Rd8d6
18.Bb6c5 Rd6d7
19.Rh1d1 Rd7xd1
20.Be2xd1 b5
21.Nc3e2 Rf6f7
22.Ne2g1 h5
23.h4 Bg7h6
24.Nb3d2 Rf7f4
25.Bc5e3 Kf7
26.Be3xf4 exf4
27.Ng1f3 Kf6
28.c3 e5
29.Kb1 a5
30.b4 axb4
31.c4 bxc4
32.Nd2xc4 Ke6
33.Kb2 Ne7c8
34.Bd1a4 Nc8e7
35.Nf3g5 Bh6xg5
36.hxg5 Nc6d8
37.Nc4d2 Ne7c6
38.Ba4xc6 Nd8xc6
39.Nd2f3 Nc6a5
40.Kc2 Na5c6
41.Kd3 Nc6a5
42.Nf3d2 Na5c6
43.Nd2c4 Ke7
44.Nc4b6 Kd6
45.Kc4 h4
46.Nb6d5 f3
47.Nd5e3 fxg2
48.Ne3xg2 h3
49.f4 hxg2
{ abandon }0-1

[Event "Défi"]
[Site "www.echecsemail.com"]
[Date "2026.02.07"]
[Round "1"]
[White "Tiounet"]
[Black "Sylvia13"]
[WhiteElo "1650"]
[BlackElo "1600"]
[Result "0-1"]
1.a3 b5
2.b4 a5
3.c3 a4
4.Ng1f3 d6
5.g3 Bc8b7
6.Bf1g2 e5
7.O-O Bf8e7
8.Bc1b2 Be7f6
9.d3 c6
10.Nb1d2 Nb8d7
11.Nd2e4 d5
12.Ne4xf6 Ng8xf6
13.c4 O-O
14.cxd5 Nf6xd5
15.Nf3xe5 Nd7xe5
16.Bb2xe5 Qd8e7
17.Qd1c2 Qe7xe5
18.Qc2c5 Qe5xe2
19.Rf1e1 Qe2xd3
20.Re1d1 Qd3g6
21.Bg2xd5 cxd5
22.Qc5xb5 Bb7c6
23.Qb5c5 h5
24.b5 Ra8a5
25.Qc5b6 Ra5xb5
26.Qb6c7 h4
27.Qc7a7 Qg6e4
28.Rd1e1 Qe4g4
29.Qa7e3 d4
30.Qe3d3 Qg4h3
31.f3 Rb5b2
32.Re1e2 Rb2b3
33.Qd3c4 Bc6xf3
34.Re2f2 hxg3
35.hxg3 Qh3h1
0-1

[Event "Défi( 10J+24H/c 10J Max )"]
[Site "www.echecsemail.com"]
[Date "2026.02.07"]
[Round "1"]
[White "Vvvv"]
[Black "Jazz"]
[WhiteElo "1720"]
[BlackElo "1860"]
[Result "1/2-1/2"]
1.e4 d6
2.Ng1f3 e5
3.d4 Ng8f6
4.dxe5 Nf6xe4
5.Qd1d5 Ne4g5
6.exd6 Ng5xf3
7.Qd5xf3 Bf8xd6
8.Bf1d3 Nb8c6
9.Bd3b5 O-O
10.Bb5xc6 Qd8e7
11.Bc1e3 bxc6
12.O-O Ra8b8
13.Be3xa7 Rb8xb2
14.Qf3xc6 Qe7e2
15.Nb1c3 Qe2xc2
16.Ra1c1 Qc2g6
17.Nc3e4 Bc8h3
18.Ne4g3 Bh3e6
19.a4 Rb2a2
20.Qc6e4 Qg6xe4
21.Ng3xe4 Ra2xa4
22.Ne4xd6 cxd6
23.Rc1a1 Ra4xa1
24.Rf1xa1 Rf8a8
25.f3 h5
26.h4 f5
27.Kf2 f4
28.Ra1a3 Kf7
29.g3 fxg3
30.Kxg3 Kg6
31.Ra3a5 Kf7
32.Kf4 g6
33.Kg5 Be6f5
34.Ba7b6 Ra8xa5
35.Bb6xa5 Ke6
36.Kf4 d5
37.Ke3 Bf5c2
38.f4 Kf5
39.Ba5c7 Kg4
40.Bc7d8 Bc2f5
41.Bd8g5 Bf5e4
{ nul }1/2-1/2

[Event "Tournoi n27360"]
[Site "www.echecsemail.com"]
[Date "2026.02.07"]
[Round "1"]
[White "Gimick"]
[Black "Nbelnico"]
[WhiteElo "1540"]
[BlackElo "1690"]
[Result "0-1"]
1.e4 d5
2.Bf1b5 c6
3.Bb5a4 e6
4.Ng1f3 dxe4
5.Nf3e5 Bf8d6
6.Ne5c4 Bd6e7
7.Qd1g4 Be7f6
8.Qg4xe4 Bc8d7
9.Nc4e3 Ng8e7
10.d4 O-O
11.c3 b5
12.Ba4c2 Ne7g6
13.Ne3g4 Bf6g5
14.Ng4e5 Bg5xc1
15.O-O Bc1g5
16.g3 f5
17.Qe4d3 Nb8a6
18.h4 Bg5f6
19.Ne5xg6 hxg6
20.Nb1d2 c5
21.d5 c4
22.Qd3f3 Na6c7
23.dxe6 Bd7xe6
24.Ra1d1 Be6d5
25.Qf3e3 Bd5b7
26.Nd2xc4 Qd8c8
27.Nc4d6 Qc8b8
28.b4 Nc7d5
29.Qe3c5 Kh7
30.Nd6xb7 Qb8xb7
31.Rd1xd5 a6
32.Rf1d1 Ra8c8
33.Qc5e3 Bf6xc3
34.Rd5d7 Qb7b8
35.Rd1d3 Bc3xb4
36.Bc2b3 Bb4c5
37.Qe3g5 Qb8e5
38.Rd3d1 Qe5e2
39.Qg5f4 Bc5b6
40.Kg2 Rf8e8
41.Kh3 Bb6xf2
42.Rd7d2 Qe2g4
43.Kg2 Qg4xf4
44.gxf4 Bf2e3
45.Rd2d3 Be3xf4
46.Kf3 g5
47.hxg5 Bf4xg5
48.Rd1h1 Kg6
49.Rd3d6 Bg5f6
50.Rd6xa6 Rc8c3
51.Kf2 Re8e3
52.Bb3d5 Re3d3
53.Rh1g1 Kh7
54.Bd5b3 Bf6d4
55.Kg2 Bd4xg1
56.Kxg1 Rd3d2
{ abandon }0-1

[Event "Défi"]
[Site "www.echecsemail.com"]
[Date "2026.02.07"]
[Round "1"]
[White "Tian"]
[Black "Mokanne"]
[WhiteElo "1300"]
[BlackElo "1430"]
[Result "0-1"]
1.d4 h6
2.e3 b6
3.Qd1d3 d5
4.Nb1c3 e6
5.g3 Bc8b7
6.Ng1f3 f6
7.e4 a6
8.exd5 Bb7xd5
9.Nf3h4 Bd5xh1
10.Nh4g6 Rh8h7
11.Bf1h3 f5
12.Qd3e3 Qd8f6
13.Ng6e5 Ng8e7
14.f3 Ne7d5
15.Qe3d3 Bf8b4
16.a3 Bb4d6
17.Qd3c4 Bh1xf3
18.Ne5xf3 c6
19.Bc1f4 b5
20.Bf4xd6 bxc4
21.Bd6e5 Qf6f7
22.Nc3e4 fxe4
23.Bh3g4 h5
24.Nf3g5 Nd5e3
25.Ng5xf7 Ne3xc2
26.Kd2 Nc2xa1
27.Nf7d6 Ke7
28.Bg4e2 Na1b3
29.Kc3 Nb3a5
30.b4 Na5b3
31.Kxc4 Nb3c1
32.Be2f1 Nb8d7
33.Kc3 e3
34.Kc2 Nd7xe5
35.dxe5 Nc1a2
36.Kb2 Na2xb4
37.axb4 Ra8b8
38.Bf1e2 Rb8xb4
39.Kc3 a5
40.Nd6c8 Kd7
41.Nc8d6 Rh7h8
42.Be2a6 Rh8b8
43.Kd3 Rb4b3
44.Ke2 a4
45.Ba6c4 Rb3b2
46.Kxe3 a3
47.h3 Rb8b3
48.Bc4xb3 Rb2xb3
49.Kf4 a2
50.g4 Rb3xh3
51.Kg5 hxg4
52.Kxg4 Rh3h1
53.Kg5 a1Q
54.Kg6 Qa1f1
55.Kxg7 Rh1g1
56.Kh8 Qf1h3
0-1

[Event "Jean 8"]
[Site "www.echecsemail.com"]
[Date "2026.02.07"]
[Round "1"]
[White "Intrigue"]
[Black "Turbo"]
[WhiteElo "1720"]
[BlackElo "1390"]
[Result "1-0"]
1.f4 d5
2.Ng1f3 h6
3.d3 Bc8g4
4.e3 Ng8f6
5.Bf1e2 e6
6.O-O Bf8d6
7.Bc1d2 O-O
8.Nb1c3 Nb8d7
9.Nf3d4 h5
10.e4 g6
11.Be2xg4 Nf6xg4
12.h3 Ng4h6
13.e5 Bd6c5
14.Bd2e3 a6
15.a3 f5
16.b4 Bc5a7
17.Kh1 Ba7xd4
18.Be3xd4 b6
19.Nc3e2 c5
20.bxc5 bxc5
21.Bd4e3 d4
22.Be3d2 Ra8a7
23.c4 Qd8a8
24.Ne2g1 Rf8f7
25.Qd1f3 Qa8d8
26.Qf3c6 Qd8e8
27.Ra1b1 Qe8e7
28.Rb1b7 Ra7xb7
29.Qc6xb7 Rf7f8
30.Qb7xa6 Qe7h4
31.Qa6xe6 Rf8f7
32.Qe6xg6 Rf7g7
33.Qg6e8 Nd7f8
34.Bd2e1 Rg7g3
35.Be1xg3 Qh4xg3
36.Qe8xh5 Kh7
37.Qh5f3 Qg3g7
38.Ng1e2 Nf8e6
39.Qf3d5 Ne6c7
40.Qd5xc5 Nc7e6
41.Qc5d5 Qg7f7
42.Rf1b1 Kg6
43.Rb1b7 Qf7e8
44.Qd5d7 Qe8xd7
45.Rb7xd7 Ne6c5
46.Rd7xd4 Nc5b3
47.Rd4d6 Kh5
48.e6 Nh6g8
49.Rd6d8 Ng8e7
50.Rd8e8 Ne7g6
51.e7 Ng6xe7
52.Re8xe7 { abandon }1-0

[Event "Défi"]
[Site "www.echecsemail.com"]
[Date "2026.02.07"]
[Round "1"]
[White "Katastrofic"]
[Black "Mokanne"]
[WhiteElo "1420"]
[BlackElo "1460"]
[Result "1-0"]
1.e4 e5
2.Bf1c4 Ng8f6
3.d3 d6
4.h3 Nb8c6
5.a3 Bc8d7
6.Ng1f3 h6
7.O-O g5
8.Nf3h2 Nc6d4
9.c3 Nd4c6
10.b4 a6
11.a4 Nc6b8
12.Rf1e1 Bf8g7
13.Qd1b3 Rh8f8
14.Nb1d2 Bd7c6
15.Bc1b2 Bc6d7
16.b5 a5
17.Re1e3 b6
18.Qb3d1 Bd7c8
19.Nd2f1 Nb8d7
20.Nh2g4 Nd7c5
21.Bb2a3 Nc5b7
22.Ng4xf6 Bg7xf6
23.Bc4d5 Qd8d7
24.Bd5c6 Ke7
25.Bc6xd7 Bc8xd7
26.c4 Rf8d8
27.Ra1a2 Kf8
28.Ba3b2 Bd7e6
29.Nf1g3 Nb7c5
30.Bb2a3 Nc5b7
31.Ng3h5 Bf6e7
32.Ra2c2 Kg8
33.d4 Ra8c8
34.Re3f3 Rd8f8
35.Nh5f6 Kg7
36.Nf6h5 Kg6
37.d5 Be6d7
38.Nh5g3 Bd7e8
39.Ng3f5 f6
40.Nf5xe7 Kg7
41.Ne7f5 Kh7
42.Rf3g3 Nb7c5
43.Ba3xc5 bxc5
44.b6 Be8xa4
45.Qd1h5 Ba4xc2
46.Qh5xh6 { abandon }1-0

[Event "La Diagonale du fou 9"]
[Site "www.echecsemail.com"]
[Date "2026.02.07"]
[Round "1"]
[White "Foxie519"]
[Black "Blackbishop"]
[WhiteElo "1710"]
[BlackElo "1830"]
[Result "0-1"]
1.e4 e5
2.g3 d5
3.Qd1e2 Ng8f6
4.d3 d4
5.h3 Nb8c6
6.Bf1g2 Bf8c5
7.Ng1f3 Bc8e6
8.O-O O-O
9.Kh2 Qd8d7
10.Nf3g1 b5
11.a3 a6
12.Bc1g5 Bc5e7
13.f4 Qd7d6
14.f5 Be6c8
15.Kh1 b4
16.a4 a5
17.b3 Nc6a7
18.Nb1d2 c5
19.Nd2c4 Qd6c7
20.Ng1f3 h6
21.Bg5d2 Na7c6
22.g4 Nf6h7
23.h4 Qc7d8
24.Bg2h3 Be7xh4
25.Nf3xh4 Qd8xh4
26.Kh2 Qh4d8
27.Bd2e1 Nh7g5
28.Be1g3 f6
29.Bh3g2 Ra8a7
30.Rf1h1 Kf7
31.Bg3h4 Rf8h8
32.Kg3 Ke7
33.Rh1h2 Qd8e8
34.Ra1h1 Ng5f7
35.Kf2 Bc8d7
36.Nc4b6 Kd8
37.Qe2d2 Nc6e7
38.Nb6d5 Ne7xd5
39.exd5 Nf7d6
40.Bg2e4 Kc7
41.Kf3 Ra7a8
42.Qd2f2 Qe8f7
43.Rh1c1 h5
44.Qf2g3 Ra8g8
45.g5 Bd7xf5
46.g6 Bf5g4
47.Kg2 Qf7e8
48.Qg3f2 Nd6xe4
49.dxe4 Qe8xg6
50.Kh1 Qg6xe4
51.Kg1 Qe4xd5
52.Bh4g3 Rh8h6
53.Qf2f1 Qd5f3
54.Qf1xf3 Bg4xf3
55.Rc1f1 Bf3e4
56.Rf1f2 g5
57.Rf2d2 h4
58.Bg3e1 f5
59.Rd2e2 Kd6
60.Rh2f2 Ke6
61.Re2d2 g4
62.Rf2h2 h3
63.Be1g3 f4
64.Bg3e1 g3
65.Rh2e2 h2
{ abandon }0-1

[Event "Défi"]
[Site "www.echecsemail.com"]
[Date "2026.02.07"]
[Round "1"]
[White "Gilberthellemans"]
[Black "Wenoketo"]
[WhiteElo "1600"]
[BlackElo "1670"]
[Result "0-1"]
1.d4 d5
2.c3 Ng8f6
3.h3 Bc8f5
4.Bc1g5 Nb8d7
5.Ng1f3 e6
6.Qd1a4 Bf8e7
7.e3 h6
8.Bg5f4 O-O
9.Bf1e2 Nd7b6
10.Qa4b3 Qd8c8
11.Nf3e5 Nb6d7
12.O-O Bf5xb1
13.Ra1xb1 Nf6e4
14.Ne5xd7 Qc8xd7
15.Rf1d1 b6
16.Be2b5 c6
17.Bb5e2 Ra8c8
18.f3 Ne4f6
19.Be2a6 Rc8c7
20.Bf4xc7 Qd7xc7
21.Ba6d3 c5
22.dxc5 Be7xc5
23.Bd3b5 Bc5xe3
24.Kh1 Nf6h5
25.Rd1d3 Nh5g3
26.Kh2 Ng3f1
27.Kh1 Qc7h2
0-1

[Event "Défi( 10J+24H/c 10J Max )"]
[Site "www.echecsemail.com"]
[Date "2026.02.07"]
[Round "1"]
[White "Patau"]
[Black "Jeff75019"]
[WhiteElo "1670"]
[BlackElo "1450"]
[Result "1/2-1/2"]
1.e4 e5
2.Ng1f3 Ng8f6
3.Nb1c3 Bf8c5
4.Nf3xe5 O-O
5.d4 Bc5b4
6.Bf1d3 d6
7.Ne5c4 d5
8.exd5 Qd8xd5
9.O-O Qd5d8
10.a3 Bb4xc3
11.bxc3 Bc8g4
12.f3 Bg4h5
13.Bc1g5 Nb8c6
14.Qd1d2 Nc6e7
15.Bg5xf6 gxf6
16.Qd2h6 f5
17.Qh6xh5 b5
18.Nc4e5 Qd8e8
19.Bd3xf5 Ne7xf5
20.Qh5xf5 Ra8d8
21.Ra1e1 Rd8d5
22.Re1e4 f6
23.Re4g4 Kh8
24.Rg4h4 Rf8f7
25.Ne5xf7 Qe8xf7
26.Qf5c8 Kg7
27.Rh4g4 Kh6
28.Qc8g8 Rd5d7
29.Rg4h4 { nul }1/2-1/2

[Event "0402"]
[Site "www.echecsemail.com"]
[Date "2026.02.07"]
[Round "1"]
[White "Katastrofic"]
[Black "Turbo"]
[WhiteElo "1470"]
[BlackElo "1370"]
[Result "1-0"]
1.e4 e5
2.Bf1c4 Ng8f6
3.d3 Bf8c5
4.h3 O-O
5.Ng1f3 h6
6.Nf3xe5 d6
7.Ne5f3 a6
8.a3 Nb8c6
9.b4 Bc5a7
10.O-O Nc6d4
11.Nf3xd4 Ba7xd4
12.c3 b5
13.Bc4a2 Bd4a7
14.Rf1e1 c5
15.Bc1e3 cxb4
16.axb4 Ba7b8
17.c4 bxc4
18.Ba2xc4 Bc8b7
19.Nb1c3 Qd8c7
20.Ra1c1 d5
21.exd5 Qc7h2
22.Kf1 Rf8d8
23.Be3d4 Nf6xd5
24.Qd1g4 g6
25.Bc4xd5 Bb7xd5
26.Nc3xd5 Ra8a7
27.Bd4xa7 Qh2h1
28.Ke2 Rd8e8
29.Nd5e3 Qh1h2
30.g3 Re8xe3
31.Kxe3 Qh2g2
32.Ba7xb8 Qg2b7
33.Rc1c8 Kh7
34.Bb8d6 Qb7b6
35.Bd6c5 { abandon }1-0

[Event "Défi"]
[Site "www.echecsemail.com"]
[Date "2026.02.07"]
[Round "1"]
[White "Neddy"]
[Black "Tiounet"]
[WhiteElo "1420"]
[BlackElo "1600"]
[Result "0-1"]
1.e4 a6
2.d4 b5
3.a3 Bc8b7
4.d5 g6
5.Ng1f3 Bf8g7
6.Nb1d2 Ng8f6
7.h3 O-O
8.Ra1b1 d6
9.b4 c6
10.Bc1b2 cxd5
11.exd5 Bb7xd5
12.c4 bxc4
13.Nd2xc4 Qd8c7
14.Rb1c1 Rf8e8
15.Nc4e5 Qc7d8
16.Ne5d3 Nb8d7
17.Bf1e2 Nd7b6
18.O-O Nb6c4
19.Rc1b1 Nc4xb2
20.Nd3xb2 Nf6e4
21.Rb1c1 Ne4c3
22.Rc1xc3 e6
23.Nb2a4 Bg7xc3
24.Na4xc3 Bd5b7
25.b5 axb5
26.Be2xb5 Re8f8
27.a4 d5
28.Nf3e5 Qd8c7
29.Qd1c1 Qc7xe5
30.Rf1e1 Qe5d6
31.g3 Qd6b4
32.Re1e4 dxe4
33.h4 f5
34.Kh2 Ra8c8
35.Qc1a1 Rc8xc3
36.Qa1a2 Rc3b3
37.Bb5d7 Kf7
38.a5 Rf8d8
39.Bd7xe6 Kxe6
40.a6 Qb4a3
41.Qa2c2 Bb7xa6
42.Qc2c6 Ke7
43.Qc6c7 Rd8d7
44.Qc7c2 Rb3b2
45.Qc2c1 Qa3a2
46.Qc1c5 Kf7
47.Qc5c1 Rb2xf2
{ abandon }0-1

[Event "Tournoi n27454"]
[Site "www.echecsemail.com"]
[Date "2026.02.07"]
[Round "1"]
[White "Tiounet"]
[Black "Wenoketo"]
[WhiteElo "1660"]
[BlackElo "1730"]
[Result "0-1"]
1.a3 c6
2.b4 f6
3.Bc1b2 e5
4.g3 Bf8d6
5.Bf1g2 Ng8e7
6.e3 O-O
7.Ng1e2 Ne7g6
8.O-O Bd6c7
9.c4 d6
10.Nb1c3 Bc8e6
11.d3 Nb8d7
12.a4 Ra8c8
13.b5 Nd7b8
14.a5 Bc7xa5
15.bxc6 Nb8xc6
16.Nc3b5 Ba5b6
17.Bg2xc6 bxc6
18.Nb5xa7 Bb6xa7
19.Ra1xa7 Rc8a8
20.Qd1a1 Ra8xa7
21.Qa1xa7 Rf8f7
22.Qa7a4 c5
23.Rf1a1 Rf7f8
24.Ne2c3 Ng6e7
25.Qa4a6 Be6c8
26.Nc3e4 Bc8xa6
{ abandon }0-1

[Event "Tournoi Hivernal"]
[Site "www.echecsemail.com"]
[Date "2026.02.07"]
[Round "1"]
[White "Fouvolant"]
[Black "Turbo"]
[WhiteElo "1490"]
[BlackElo "1370"]
[Result "1-0"]
1.e4 e5
2.Ng1f3 Nb8c6
3.Bf1b5 h6
4.O-O a6
5.Bb5a4 b5
6.Ba4b3 Ng8f6
7.Rf1e1 Nc6a5
8.Nf3xe5 Na5xb3
9.axb3 Bf8c5
10.d4 Bc5a7
11.c3 Ba7b8
12.Nb1d2 c6
13.Ne5f3 Qd8c7
14.h3 g5
15.e5 Nf6d5
16.Nd2e4 d6
17.Ne4xd6 Kf8
18.c4 bxc4
19.bxc4 Nd5e7
20.Nf3h2 f6
21.Qd1h5 Rh8h7
22.Nh2g4 Ne7g8
23.Qh5e8 Kg7
24.exf6 Kh8
25.Nd6xc8 Rh7f7
26.Nc8e7 Rf7xe7
27.Re1xe7 Qc7b6
28.Ng4xh6 Bb8h2
29.Kxh2 Ra8xe8
30.Re7xe8 Qb6c7
31.g3 Kh7
32.Nh6xg8 Qc7f7
33.Re8e7 { abandon }1-0

[Event "Défi( 10J+24H/c 10J Max )"]
[Site "www.echecsemail.com"]
[Date "2026.02.07"]
[Round "1"]
[White "Bouffon"]
[Black "Pourquoipas"]
[WhiteElo "1750"]
[BlackElo "1640"]
[Result "1-0"]
1.e4 e5
2.Ng1f3 Ng8f6
3.d3 Nb8c6
4.c3 d5
5.exd5 Qd8xd5
6.Bf1e2 Bf8c5
7.c4 Qd5d8
8.a3 O-O
9.b4 Bc5e7
10.Nb1d2 Nc6d4
11.Nf3xd4 Qd8xd4
12.Ra1b1 Nf6g4
13.Be2xg4 Qd4xg4
14.Qd1xg4 Bc8xg4
15.h3 Bg4f5
16.Nd2e4 Ra8d8
17.Rb1b3 Bf5e6
18.O-O b5
19.Rb3c3 bxc4
20.dxc4 Rd8d4
21.Rf1e1 Be6xc4
22.Ne4d2 Bc4d5
23.Rc3xc7 Be7g5
24.Nd2f3 Bd5xf3
25.gxf3 Bg5f6
26.Bc1e3 Rd4h4
27.Kg2 a6
28.Rc7a7 Rh4c4
29.Ra7xa6 Bf6h4
30.Re1c1 Rf8c8
31.Rc1xc4 Rc8xc4
32.Ra6a8 { abandon }1-0

[Event "Tournoi n27419"]
[Site "www.echecsemail.com"]
[Date "2026.02.07"]
[Round "1"]
[White "Tartu"]
[Black "Legrillon"]
[WhiteElo "1730"]
[BlackElo "1750"]
[Result "0-1"]
1.d4 d5
2.c4 e6
3.Nb1c3 c6
4.Ng1f3 dxc4
5.a4 Bc8d7
6.e4 Bf8b4
7.Bf1xc4 Ng8f6
8.Qd1c2 h6
9.O-O c5
10.e5 Nf6h7
11.dxc5 O-O
12.Bc1d2 Bd7c6
13.Bc4e2 f6
14.exf6 Nh7xf6
15.Ra1d1 Qd8e7
16.Bd2e3 Bb4xc3
17.bxc3 Nb8d7
18.Be2b5 Nd7xc5
19.Bb5xc6 bxc6
20.Rf1e1 a5
21.Be3xc5 Qe7xc5
22.Re1e5 Qc5e7
23.Nf3d4 Nf6g4
24.f3 Ng4xe5
25.f4 Rf8xf4
26.Rd1e1 Qe7d6
27.Qc2g6 Rf4f6
28.Qg6g3 Ne5f7
29.Qg3h3 e5
30.Nd4f5 Qd6c5
31.Kh1 Ra8e8
32.Nf5g3 Qc5xc3
33.Qh3d7 Qc3xe1
{ abandon }0-1

[Event "Tournoi n27366"]
[Site "www.echecsemail.com"]
[Date "2026.02.07"]
[Round "1"]
[White "Roxane"]
[Black "Fouvolant"]
[WhiteElo "1450"]
[BlackElo "1390"]
[Result "0-1"]
1.e4 c5
2.d3 Nb8c6
3.Ng1f3 d6
4.Bc1f4 Ng8f6
5.Bf1e2 e6
6.O-O Bf8e7
7.Nb1d2 O-O
8.a3 a6
9.b4 b6
10.bxc5 bxc5
11.Nd2c4 h6
12.e5 Nf6d5
13.Bf4d2 dxe5
14.Nc4xe5 Nc6xe5
15.Nf3xe5 Be7f6
16.Ne5c6 Qd8c7
17.Nc6a5 Nd5c3
18.Bd2xc3 Bf6xc3
19.Na5c4 Bc3xa1
20.Qd1xa1 Bc8b7
21.Nc4e3 f5
22.f4 Bb7d5
23.Ne3xd5 exd5
24.Be2f3 Ra8d8
25.Qa1e1 d4
26.Qe1e6 Kh8
27.g3 Rf8f6
28.Qe6c4 Rd8b8
29.Kg2 Qc7a5
30.Rf1d1 Qa5xa3
31.Bf3e2 a5
32.h4 Qa3b4
33.Qc4xb4 cxb4
34.Be2f3 a4
35.Rd1a1 a3
36.Kh3 Rb8c8
37.Bf3d1 Rc8c3
38.h5 Kg8
39.Ra1a2 Rf6b6
40.Bd1f3 b3
41.Ra2xa3 b2
42.Bf3d5 Kh7
43.Ra3xc3 dxc3
44.Bd5a2 Rb6a6
45.Ba2f7 b1Q
46.Bf7g6 Ra6xg6
47.hxg6 Kxg6
48.Kg2 Qb1xc2
49.Kh3 Qc2xd3
50.Kh4 c2
51.g4 fxg4
52.Kxg4 c1R
{ abandon }0-1

[Event "Coupe Niveau 6"]
[Site "www.echecsemail.com"]
[Date "2026.02.07"]
[Round "1"]
[White "Bjl"]
[Black "Mimimosa"]
[WhiteElo "2060"]
[BlackElo "2300"]
[Result "0-1"]
1.d4 d5
2.c4 dxc4
3.e4 e5
4.Ng1f3 exd4
5.Nf3xd4 Bf8c5
6.Bc1e3 Ng8f6
7.Nb1c3 Nf6g4
8.Bf1xc4 Ng4xe3
9.fxe3 O-O
10.O-O Nb8d7
11.Nc3a4 Bc5e7
12.Nd4f5 Be7f6
13.Qd1e2 c6
14.Na4c3 Nd7c5
15.Ra1d1 Qd8c7
16.Nf5d4 b5
17.Rf1xf6 gxf6
18.Bc4b3 b4
19.Nc3a4 Nc5xe4
20.Qe2f3 Rf8e8
21.Bb3c2 Ne4g5
22.Qf3xf6 Qc7e5
23.Qf6xe5 Re8xe5
24.Nd4xc6 Re5xe3
25.Rd1d8 Kg7
26.Nc6xb4 Bc8b7
27.Rd8xa8 Bb7xa8
28.Kf2 Re3e6
29.Na4c3 Re6d6
30.h4 Ng5e6
31.b3 a5
{ abandon }0-1